000
00345 a2200157 4500
001
72710
020
_a
040
_c
Anchieta - Colégio São Paulo
100
_a
Tenaille, Marie
240
1
0
_a
A avó feiticeira
_l
por
245
1
0
_a
A avó feiticeira
300
_a
21
362
0
_a
1983
650
4
_a
Literatura infanto-juvenil
942
_c
BK
999
_c
72710
_d
72710